[Event "Astana"]
[Site "Astana"]
[Date "2001.05.21"]
[Round "2"]
[White "Sadvakasov, Darmen"]
[Black "Kramnik, Vladimir"]
[Result "0-1"]
[WhiteElo "2585"]
[BlackElo "2797"]
[Annotator "Postny,E"]
[PlyCount "114"]
[EventDate "2001.05.20"]
[EventType "tourn"]
[EventRounds "10"]
[EventCountry "KAZ"]
[EventCategory "20"]
[SourceTitle "CBM 084"]
[Source "ChessBase"]
[SourceDate "2001.09.13"]
[SourceVersion "1"]
[SourceVersionDate "2001.09.13"]
[SourceQuality "1"]

1. e4 e5 2. Nf3 Nc6 3. d4 exd4 4. Nxd4 Bc5 5. Nxc6 Qf6 6. Qd2 bxc6 {Kramnik
decides to go for this rare theoretical line.The main line starts with 6...dc.}
7. Nc3 Ne7 (7... d6 8. Bd3 Ne7 9. O-O Qh4 10. Na4 Bb6 11. Qg5 (11. Kh1 $5)
11... Qxg5 12. Bxg5 f6 13. Bd2 Kf7 14. Nxb6 axb6 15. a4 Ba6 16. a5 Bxd3 17.
cxd3 bxa5 18. Rxa5 Rhb8 $11 {1/2-1/2 Sadvakasov,D-Timoscenko,G/Istanbul 2000/
EXT 2001 (45)}) 8. Bd3 O-O 9. O-O Ng6 10. Na4 (10. Kh1 Bd4 11. f4 Bxc3 12. bxc3
d6 13. e5 dxe5 14. fxe5 Qxe5 15. Ba3 Rd8 16. Rae1 Qd5 17. c4 Qd4 18. Qb4 Be6
19. Bb2 c5 20. Qa3 Qd6 21. Qc3 Qd4 22. Qa3 Qd6 23. Qc3 {1/2-1/2 Borgo,
G-Skembris,S/Bozen 1998/CBM 65 ext (23)}) 10... Bd6 11. g3 Re8 $146 (11... a5
12. c3 Ne5 13. f4 Nxd3 14. Qxd3 Ba6 15. c4 Qe6 16. b3 Be7 17. Bb2 f5 18. Qd4
Rf7 19. e5 d5 20. cxd5 cxd5 21. Rfc1 c6 22. Nc5 Bxc5 23. Qxc5 $14 {1-0 Grosar,
K-Krivec,J/Porec 1998/EXT 99 (45)}) 12. Qe3 Bb7 13. Bd2 $6 (13. f4 Bf8 (13...
c5 14. c4 $14 {[%cal Ya4c3]}) 14. Bd2 d5 15. e5 Qe7 16. b4 {The whole game
revolves around the square c5. If white manages to control and blockade it, he
will have a better position.} f6 17. Nc5 Bc8 18. Rae1 fxe5 19. Bxg6 hxg6 20.
fxe5 $14) 13... Ne5 14. Bc3 (14. Be2 {[%cal Gf2f4]} Qe6 $132 {[%cal Ye5c4,
Ye5g4]} 15. Nc5 $2 Bxc5 16. Qxc5 {[%tqu "En","Please enter a move for black.",
"","","b7a6","",8]} Ba6 $1 17. Qe3 (17. Bxa6 Nf3+ 18. Kg2 Nxd2 19. Rfe1 Nxe4
20. Qd4 c5 21. Qd3 Qf5 $17) 17... Bxe2 18. Qxe2 Qc4 $17) 14... Qf3 $1 $11 15.
Qxf3 Nxf3+ 16. Kg2 Ne5 17. Bxe5 (17. Be2 $6 c5 18. f3 Bc6 $15) 17... Rxe5 18.
f4 Ree8 19. e5 Bf8 (19... c5+ $6 20. Kf2 Bf8 21. Nc3 {[%csl Yd5][%cal Yd3e4]})
20. Rae1 d6 21. Re3 Re7 22. Be4 {[%cal Ye3a3]} dxe5 ({Worse is} 22... Rae8 $6 {
as after} 23. Rfe1 g6 24. Bf3 Bg7 25. Rb3 Ba8 26. Ra3 $1 dxe5 27. Nc5 {[%csl
Ra8] black's light squares bishop may be in trouble.}) 23. fxe5 g6 24. Bf3 $6 (
{The most precise way to equality was} 24. Nc5 Rxe5 25. Nxb7 Rb8 26. Ree1 $1 {
This move was probably overlooked by Sadvakasov.} Rxb7 27. Bxc6 Rxe1 28. Bxb7
$11) 24... Re6 {[%csl Gc5][%cal Gf8c5]} 25. Rd1 (25. Rb3 $6 Ba6) 25... Rae8 26.
Rd7 Rxe5 27. Rxe5 Rxe5 28. Rxc7 Re7 {Kramnik managed to exploit white's
inaccuracy and capture white's central pawn in exchange for one of his double
pawns. However with careful defense white should hold the position.} 29. Rxe7
Bxe7 {=/+^^} 30. Kf2 f5 31. c4 Kf7 32. c5 $1 a5 33. a3 ({White's king
shouldn't "rush" into the center, because after} 33. Ke3 Ke6 34. Kd4 {white
will get an annoying check} Bf6+ {and will have to go back...}) 33... Ke6 34.
b4 axb4 35. axb4 Ke5 (35... Bg5 $6 36. Nb2 {[%csl Rc6][%cal Gb2c4,Gc4a5]}) 36.
Ke3 Bg5+ 37. Kd3 Ba6+ 38. Kc2 (38. Kc3 $142 Bb5 39. Nb6 {and white shouldn't
be worse because of the weakness of Pc6.}) 38... Kd4 39. Nc3 $2 {A fatal
mistake after which white's position can not be saved.} (39. Bxc6 Kc4 40. Bd7
$1 (40. Nb2+ Kxb4 41. Nd3+ Kc4 42. Be8 Kd4 $17) 40... Kxb4 41. c6 {and a draw
is the most likely result.}) 39... Bd3+ 40. Kb3 Bc4+ 41. Kc2 Bd3+ 42. Kb3 Bd2
43. Nd1 (43. Ne2+ Ke3 44. Nf4 Bb5 45. Bd1 (45. Ne6 Kxf3 46. Nd4+ Kg2 47. Nxb5
f4 $1 48. Nd6 f3 49. Ne4 Be1 $19) 45... Kf2 46. Ne6 Be3 $19) 43... Be4 44. Be2
Bd5+ 45. Ka4 g5 46. b5 Kxc5 47. bxc6 Bxc6+ 48. Kb3 Kd4 {The difference between
the kings is amazing!} 49. Bf1 Be1 {The black pieces are totally dominating.}
50. Be2 g4 $1 51. Ba6 h5 52. Kc2 Be4+ 53. Kc1 Bf3 54. Bc8 f4 55. gxf4 h4 56. f5
g3 57. hxg3 hxg3 {[%mdl 4096] The main "chess" reason for white's loss in this
game was the fact that he was playing "without a king".} 0-1

[Event "Vera m g/1h+25s"]
[Site "Vera"]
[Date "2004.07.11"]
[Round "5"]
[White "Vallejo Pons, Francisco"]
[Black "Kortschnoj, Viktor Lvovich"]
[Result "1-0"]
[WhiteElo "2679"]
[BlackElo "2568"]
[Annotator "Postny,E"]
[PlyCount "75"]
[EventDate "2004.07.09"]
[EventType "match"]
[EventRounds "6"]
[EventCountry "ESP"]
[SourceTitle "CBM 102"]
[Source "ChessBase"]
[SourceDate "2004.09.23"]
[SourceVersion "1"]
[SourceVersionDate "2004.09.23"]
[SourceQuality "1"]

1. e4 e5 2. Nf3 Nc6 3. d4 exd4 4. Nxd4 Nf6 5. Nxc6 bxc6 6. e5 Qe7 7. Qe2 Nd5 8.
c4 Nb6 9. b3 {In this line white tries to play flexible and keeps the knight
on b1 for a while, with an option to develop it on c3 or d2, according to
future circumstances.} ({Other main theoretical continuations are:} 9. Nc3) (9.
Nd2) 9... Qe6 10. Bb2 Bb4+ (10... a5 11. Qc2 {--> 1/2-1/2 Vallejo Pons,F-Leko,
P/Linares 2004/CBM 100 [Postny,E] (25)}) 11. Nd2 O-O 12. O-O-O a5 (12... Qe7
13. Ne4 {--> 1-0 Motylev,A-Sermek,D/Dubai 2001/CBM 83 [Postny,E] (74)}) (12...
d5 13. exd6 Qxd6 14. Nf3 Qh6+ 15. Qe3 Qxe3+ 16. fxe3 Re8 17. e4 $14 {1-0
Kasparov,G-Piket,J/Dortmund 1992/CBM 29 (40)}) 13. a3 $5 $146 {Usually this
move is not recommended in this kind of position, since it weakens white's
pawnstructure on the queenside, but in this concrete case it might work...
Still, this move does not seems to me as the best one.} (13. Ne4 d5 (13... Re8
$5) 14. exd6 Qh6+ 15. Qe3 Qxe3+ 16. fxe3 Bg4 17. Rd4 f5 18. c5 Nd5 19. a3 $16 {
1/2-1/2 Dworakowska,J-Jaracz,B/Brzeg Dolny 2000/CBM 77 ext (57)}) 13... Bxd2+
14. Rxd2 a4 15. b4 Ba6 {[%csl Rc4]} 16. Rd4 Rae8 17. Qc2 $1 {Ignoring the
threat to Pe5.} ({After} 17. Qg4 f5 18. exf6 Qxf6 {black is fine.}) 17... d6 $1
({After} 17... Qxe5 18. Bd3 {white has a dangerous initiative.}) 18. c5 (18.
Bd3 $6 Qh6+ $15) 18... Bxf1 19. cxb6 Bb5 $6 {Of course, it looks dangerous to
take the Pg2, but it was definitely more principled, since after the move in
the text white is better.} (19... Bxg2 20. Rg1 (20. Rh4 Qg6 $11) 20... Qh6+ 21.
f4 dxe5 22. Rd2 Bd5 23. Bxe5 Rxe5 24. fxe5 cxb6 $13) 20. exd6 cxd6 ({After} 
20... cxb6 $6 21. d7 Rd8 22. Rhd1 {[%csl Gd7] the Pd7 is very strong.}) 21.
Rhd1 d5 22. Rh4 Qg6 $2 {This is a big mistake. The exchange of queens is
clearly in white's favour, since his king is not particularly safe. Moreover,
in the forthcoming endgame white's passed pawn on b6 will become a dominant
factor in the position.} ({Possible was} 22... h6 23. Bd4 $14) 23. Qxg6 hxg6
24. Rh3 f5 {Another dubious move, but the endgame is very tough for black
anyway.} (24... Re2 25. Bd4 {followed by 26.Rd2.}) 25. Rg3 Re6 26. f4 Rb8 27.
Bd4 Kf7 28. Re3 Re4 29. Rxe4 fxe4 ({After} 29... dxe4 30. Kd2 {black will not
survive as well. White's possible plan is: to put the king on e3, and then Rg1
and g2-g4 opening the files for the rook.}) 30. Re1 {[%csl Rg6,Rg7][%cal Ge1e3,
Ge3g3]} g5 {Desperation...} 31. fxg5 Kg6 32. Be3 Ba6 33. Kb2 Kh5 34. Rc1 Bb5
35. Kc3 Ba6 36. Rc2 $1 {Transfering the rook to the "f" file.} Kg6 37. Rf2 Bb5
38. h4 {[%cal Gg2g4,Gh4h5] Black resigned, since his position is hopeless and
without any counterplay.} 1-0

[Event "RUS-chT 12th"]
[Site "Sochi"]
[Date "2005.04.27"]
[Round "9"]
[White "Novikov, Stanislav"]
[Black "Aleksandrov, Aleksej"]
[Result "0-1"]
[WhiteElo "2512"]
[BlackElo "2635"]
[Annotator "Postny,E"]
[PlyCount "56"]
[EventDate "2005.04.19"]
[EventType "team-tourn"]
[EventRounds "11"]
[EventCountry "RUS"]
[SourceTitle "EXT 2020"]
[Source "ChessBase"]
[SourceDate "2019.10.17"]
[SourceVersion "1"]
[SourceVersionDate "2019.10.17"]
[SourceQuality "1"]
[WhiteTeam "Togliatti Lada"]
[BlackTeam "Sverdlovsk Ural region"]
[WhiteTeamCountry "RUS"]
[BlackTeamCountry "RUS"]

1. e4 e5 2. Nf3 Nc6 3. d4 exd4 4. Nxd4 Bc5 5. Nb3 {In this line white does not
receive a big advantage, but hopes to make use of his slight space advantage
in the long run.} Bb6 ({A rare move is} 5... Bb4+ {- see the annotated game
Baklan,V-Grischuk,A/Yerevan 2001/CBM 86 [Postny,E]}) 6. Qe2 {A very rare and a
bit odd-looking move. White is immediatly protecting the Pf2 and preparing
castling to the queenside.} ({A common line is} 6. Nc3 d6 7. a4 a6 8. Nd5 Ba7 {
- see the annotated game Rublevsky,S-Naiditsch,A/Dortmund 2004/CBM 103 [Postny,
E]}) 6... a5 (6... d6 7. Be3 Nf6 8. Nc3 O-O 9. O-O-O Re8 10. f3 Ne5 (10...
Bxe3+ 11. Qxe3 a5 12. Kb1 a4 13. Nc1 a3 14. b3 Qe7 15. g4 Qe5 16. Qd2 Nb4 $15 {
0-1 Arzumanian,G-Balashov,Y/Tula 2004 (35)}) 11. Qd2 Be6 12. Be2 Bc4 13. g4
Bxe3 14. Qxe3 c6 15. g5 Nh5 16. f4 Bxe2 17. Nxe2 Nc4 18. Qf3 g6 19. Ng3 Ng7 20.
h4 $14 {1-0 Ivanchuk,V-Topalov,V/Monaco rapid 2004 (47)}) 7. a4 $6 {This move
does not connect well to White's plan. After 6.Qe2 white is obviously
intending to castle to the queenside, and the move like a2-a4 will seriously
compromise the position of White's king then.} (7. Be3 a4 8. N3d2 $11) 7...
Nge7 8. Nc3 Nb4 {As a result of white's 7.a4, black got the b4 stronghold.} 9.
Bg5 f6 10. Bh4 O-O 11. O-O-O d5 $5 {Aleksandrov does not mind to sacrifice a
pawn for a quick development.} 12. g4 {White decided to decline the challenge
and starts an offensive on his own.} (12. exd5 Nf5 (12... Bf5 13. Rd2 Ng6 14.
Bg3 Re8 15. Qd1 $14) 13. Bg3 Nxg3 14. hxg3 Bf5 15. Rd2 Re8 16. Qd1 Re5 $44)
12... Re8 13. f4 Kh8 14. f5 d4 15. Nb5 (15. Qg2 Nec6 16. g5 fxg5 17. Bxg5 Qd6
18. Rg1 Qf8 $15 (18... d3 $6 19. Bxd3 (19. f6 Bxg1 20. fxg7+ Kg8 21. Qxg1 Ne5
$17) 19... Bxg1 20. Qxg1 $44)) 15... d3 $1 {Black gives the pawn, but closes
the d-file and weakens the position of white's king.} 16. Qf3 (16. cxd3 Bd7 17.
Nc3 Ned5 {[%csl Ra4][%cal Gd5c3] with a dangerous initiative.}) 16... Nec6 17.
Bxd3 Ne5 18. Qe2 (18. Qg3 Nexd3+ 19. cxd3 Bd7 20. g5 Bxb5 21. gxf6 gxf6 22.
axb5 a4 23. e5 Rxe5 24. Qxe5 fxe5 25. Bxd8 Rxd8 $17) 18... Nexd3+ 19. cxd3 Qe7
{[%cal Ge7f7,Gf7a2]} 20. Kb1 Bd7 21. Nc3 Qf7 22. Nc1 Bd4 {It's clear that
Black has more than sufficient compensation for the pawn.} 23. g5 {Desperately
trying to open files against the black monarch.} (23. Bf2 c5 $36 (23... Bxc3 $6
24. bxc3 Bxa4 25. cxb4 Bxd1 26. Qxd1 axb4 27. Qb3 $14)) 23... fxg5 24. Bf2 (24.
Bxg5 c5 {and c5-c4 at some point might crack white's position.}) 24... c5 25.
h4 (25. Qf3 Bc6 {preparing the exchange on f2 followed by c5-c4.}) 25... Bxf5
26. Rdf1 Bxc3 27. bxc3 $2 {This loses on the spot.} ({The only way to fight was
} 27. Bxc5 {Exciting variations could arise:} Bxb2 (27... Nxd3 28. Nxd3 Rad8 (
28... Rxe4 29. Qxe4 Bxe4 30. Rxf7 Bxd3+ 31. Ka1 $13) 29. hxg5 (29. bxc3 $2 Rxe4
$19) 29... Rxd3 {[%tqu "En","How should white continue?","","","g5g6","",10]}
30. g6 $3 Qg8 31. Rxf5 (31. Rxh7+ Qxh7 32. gxh7 Rxe4 33. Qf2 Rd5 34. bxc3 Rf4+
35. Kc1 Rxf2 36. Bxf2 Kxh7 $17) 31... Rd2 32. Qxd2 (32. Qb5 Rxb2+ 33. Qxb2 Bxb2
34. Kxb2 Qc4 35. Rxh7+ Kg8 36. Rf7 {and either black or white give a perpetual
check.}) 32... Bxd2 33. Rxh7+ Qxh7 34. gxh7 Rxe4 35. Kc2 $11) 28. Kxb2 (28.
Qxb2 Nxd3 29. Rxf5 (29. Nxd3 Rxe4 30. hxg5 Rc4 $19) 29... Qxf5 30. exf5 Nxb2
31. Kxb2 gxh4 $17) 28... Qf6+ 29. Kb1 Nxd3 30. Rxf5 Qxf5 31. exf5 Rxe2 32. Nxe2
(32. Nxd3 gxh4 $17) 32... Nxc5 33. hxg5 Nxa4 34. Rc1 $15) {[%tqu "En","Please
enter a move for black.","","","b4d3","This strike finishes white off.",5]}
27... Nxd3 $1 {This strike finishes white off.} 28. Bg3 Nf4 $1 {[%csl Rb1,Re2]
[%cal Re8e4]} 0-1

[Event "EU-ch 4th"]
[Site "Istanbul"]
[Date "2003.05.30"]
[Round "1"]
[White "Pavasovic, Dusko"]
[Black "Mastrovasilis, Dimitrios"]
[Result "1-0"]
[WhiteElo "2584"]
[BlackElo "2456"]
[Annotator "Postny,E"]
[PlyCount "77"]
[EventDate "2003.05.30"]
[EventType "swiss"]
[EventRounds "13"]
[EventCountry "TUR"]
[SourceTitle "CBM 096"]
[Source "ChessBase"]
[SourceDate "2003.09.25"]
[SourceVersion "1"]
[SourceVersionDate "2003.09.25"]
[SourceQuality "1"]

1. e4 e5 2. Nf3 Nc6 3. d4 exd4 4. Nxd4 Nf6 5. Nxc6 bxc6 6. Bd3 d6 {Relatively
rare, but playable continuation.} ({The main line} 6... d5 {considered to be
the most reliable way for black.}) 7. O-O g6 {This way of development is a
rare guest in practice.} ({Equivalently is} 7... Be7 {which is more popular.})
8. b3 {A logical way of development, which should find the followers.} (8. Qe1
$5 Bg7 9. e5 dxe5 10. Qxe5+ Be6 11. Bc4 Qd6 12. Qe2 Nd5 13. Nd2 O-O 14. Ne4 Qe5
15. Nc5 Qxe2 16. Bxe2 Bf5 17. Bd3 Bxd3 18. Nxd3 $14 {1/2-1/2 Oll,L-Georgiev,K/
Groningen 1993/CBM 39 (51)}) (8. Bg5 Bg7 9. f4 O-O 10. Nc3 Rb8 11. Kh1 Qe8 12.
Qd2 Rxb2 13. Rae1 Nd7 14. Bc4 Rb4 15. Bb3 Rd4 16. Qf2 Ba6 17. Rg1 $44 {1-0
Totsky,L-Varavin,V/Ekaterinburg 1996/EXT 2002 (53)}) 8... Bg7 9. Bb2 O-O 10.
Nd2 ({Probably more precise is} 10. Re1) 10... Re8 (10... Nxe4 $5 11. Bxg7 Nxd2
12. Bxf8 (12. Qxd2 Kxg7 13. Qc3+ Kg8 14. Qxc6 Bd7 {and white's advantage is
only minimal.}) 12... Nxf1 13. Bh6 $2 (13. Bxd6 $11) 13... Qh4 $1 (13... Nxh2
$2 14. f3 {[%csl Rh2]}) 14. Qc1 Qxh2+ 15. Kxf1 Qh1+ 16. Ke2 Bg4+ 17. f3 Qxg2+
18. Ke3 Re8+ 19. Kd4 Qxf3 {and black is on top.}) 11. f4 $5 $146 (11. Rb1 c5
12. c4 Bb7 13. Qc2 Nh5 14. Bxg7 Nxg7 15. Rbe1 Ne6 $11 {0-1
Mukniashvili-Dzindzichashvili,R/Gori 1968/MCL (58)}) 11... Nxe4 $5 {This
operation is tactically correct, however it's a little bit more risky, than on
the previous move.} 12. Bxg7 Nxd2 13. Qxd2 Kxg7 14. f5 $1 {White refrains from
gaining back the pawn and playing for the initiative. Objectively speaking,
black's defensive resources are sufficient, but in practice it's much harder
to defend, than to attack.} (14. Qc3+ $6 f6 15. Qxc6 Bd7 $11) 14... Re5 (14...
f6 15. fxg6 hxg6 16. Rae1 Bd7 17. Qf2 $36 {[%csl Rg7]}) 15. f6+ Kg8 16. Qf4 Be6
$6 (16... Bf5 17. Bxf5 Rxf5 18. Qh4 $44) 17. Rae1 Rxe1 18. Rxe1 {Black's
position is very suspicious, since his heavy pieces are not mobilised yet,
though he still has reasonable defensive resources.} d5 $1 19. h4 Qd6 20. Qh6
Qf8 21. Qe3 a5 $2 {This move is a waste of time. Probably black has
underestimated the danger to his position.} ({The only reasonable for black was
} 21... Qb4 $1 {[%cal Gb4b6,Gb4h4]} 22. h5 Qb6 23. hxg6 hxg6 24. Bxg6 fxg6 25.
Qxb6 axb6 26. Rxe6 $14) 22. h5 Re8 23. Qg3 Qc5+ 24. Kh1 Qd6 25. Re5 $1 Qf8 (
25... Bd7 $2 26. hxg6 hxg6 27. Bxg6 Qxf6 {[%tqu "En","How should white
continue?","","","g6h7","",5]} 28. Bh7+ $1 Kxh7 29. Rh5+ $18) 26. hxg6 Qh6+ $8
(26... fxg6 $2 27. Bxg6 Qh6+ 28. Bh5+ $18) 27. Kg1 fxg6 28. Qe1 {[%csl Ra5,Re6]
} Kf7 29. Qxa5 Kxf6 30. Qc3 Kf7 31. Qxc6 $16 {White equalized the number of
pawns and black is now suffering for free...} Re7 (31... Qc1+ $142 32. Bf1 Re7)
32. Qc3 Qh4 33. a4 {[%csl Ga4] White's passed pawn becomes a factor in the
position. Black's position seems to be beyond saving.} Bf5 $2 {Losing without
a fight.} (33... Qf6 34. a5 c5 35. a6 $16 {[%csl Ga6]}) 34. Bxf5 Rxe5 35. Qxe5
gxf5 36. Qxf5+ Ke7 37. Qe5+ {Preventing the perpetual check.} Kf8 38. g3 Qh3
39. a5 1-0

[Event "USA-CHN Summit 2nd"]
[Site "Shanghai"]
[Date "2002.07.15"]
[Round "4"]
[White "Ni, Hua"]
[Black "Benjamin, Joel"]
[Result "1/2-1/2"]
[WhiteElo "2533"]
[BlackElo "2608"]
[Annotator "Postny,E"]
[PlyCount "140"]
[EventDate "2002.07.11"]
[EventType "team"]
[EventRounds "4"]
[EventCountry "CHN"]
[SourceTitle "CBM 091"]
[Source "ChessBase"]
[SourceDate "2002.11.12"]
[SourceVersion "1"]
[SourceVersionDate "2002.11.12"]
[SourceQuality "1"]

1. e4 e5 2. Nf3 Nc6 3. d4 exd4 4. Nxd4 Bc5 5. Nxc6 Qf6 6. Qd2 bxc6 7. Bd3 Nh6 {
This move is a bit awkward and should not be sufficient for the equality.} ({
More natural is} 7... Ne7) 8. Nc3 $146 (8. Qf4 Qxf4 9. Bxf4 Ng4 10. O-O d6 11.
Nd2 a5 12. Nc4 f6 13. Be2 Be6 14. Bd2 a4 15. h3 Ne5 16. Ne3 O-O $11 {1/2-1/2
Kurajica,B-Sokolov,I/Sarajevo 2001/CBM 84 (47)}) 8... d6 9. Na4 Bb6 ({Comes
into consideration} 9... Bd4 10. c3 Bb6) 10. O-O O-O (10... Ng4 11. Nxb6 axb6 {
[%cal Yg4e5]} 12. f4 $14) 11. Kh1 Qh4 12. Nxb6 axb6 13. f3 f5 $6 {Too
optimistic. This move weakens the black squares in black's camp.} (13... Be6
$14) 14. Qc3 $1 {White intends to develope his queenside bishop to b2 and put
a strong pressure on the long diagonal.} c5 15. b3 Be6 (15... Qf6 16. Qxf6 Rxf6
17. Bb2 Rf8 18. Rfe1 $16) 16. Bb2 Rf7 17. exf5 $1 (17. Rfe1 f4 $5 {closing the
position.}) 17... Nxf5 18. Rfe1 $16 Nd4 19. Qd2 Bd5 (19... Rf6 20. Re4 Qh5 21.
Bxd4 cxd4 22. Rxd4 $16) 20. Be4 Bxe4 21. Rxe4 Qf6 22. c4 (22. Bxd4 $6 cxd4 23.
Qxd4 (23. Rxd4 $4 c5 $19 {[%cal Rf6a1]}) 23... Qxd4 24. Rxd4 Re7 {with a good
drawing chances.}) 22... Re7 (22... Rd8 $5 {[%cal Gd6d5]} 23. Bxd4 cxd4 24.
Qxd4 Qxd4 25. Rxd4 Re8 {and black has some chances to hold the endgame.}) 23.
Rxe7 Qxe7 24. Bxd4 cxd4 25. Qxd4 {White has won a pawn, but black controls the
"e" file and this gives him a reasonable drawing chances.} Ra5 {[%cal Ya5e5]}
26. a4 Re5 27. h3 c5 28. Qf4 h6 (28... d5 $5 29. a5 bxa5 30. Rxa5 h6 31. cxd5
Rxd5 32. Qc4 Qe1+ 33. Kh2 Qxa5 34. Qxd5+ Kf8 {and it's hard to tell, whether
black will hold this endgame or not.}) 29. Kh2 {Inaccuracy.} (29. Rd1 {[%csl
Rd6] would be more precise.}) 29... Re3 $6 (29... d5 30. cxd5 Rxd5 31. a5 bxa5
32. Rxa5 Rd4 {with a reliable drawing chances.} ({but not} 32... Qe5 $2 33.
Qxe5 Rxe5 34. b4 $18)) 30. Rd1 Qe5 $6 {This exchange leads to a lost endgame
for black.} (30... Rxb3 31. Rxd6 Rb4 32. Rc6 Qe8 33. Qd6 Rxc4 34. Qd5+ Kh8 35.
Rxh6+ gxh6 36. Qxc4 {This endgame seems to be very tough for black.}) 31. Qxe5
dxe5 32. Rb1 $2 {[%csl Rb1] Such a passive move can not be the way to the
victory.} (32. Rd8+ Kf7 33. Rb8 Rxb3 34. a5 {That's the point!} Ra3 35. Rb7+ {
and black can not survive this endgame.}) 32... Rc3 {[%csl Rb1,Gc3]} 33. a5 (
33. Kg1 Kf7 34. Rb2 Ke6 35. Kf2 Kf5 $132 {[%csl Gc3,Gf5][%cal Ge5e4]}) 33...
bxa5 34. Ra1 e4 $1 {This simplification is very useful for black.} 35. fxe4
Rxb3 36. Rxa5 Re3 37. Rxc5 Rxe4 {This endgame is theoretically drawish, mainly
because of reduced material, but black has to play precisely.} 38. Kg3 Re2 39.
h4 Kf7 40. Kf3 Rc2 {Black managed to transfer his R to the optimal defensive
square c2, where it holds the passed "c" pawn from behind.} 41. g3 Ke6 42. Kf4
Rg2 43. Kg4 Kf6 44. Rc6+ Kf7 45. Rd6 Rc2 46. Rd4 {White on the other hand
transfered his R to a better square, but unfortunately for him this is still
not enough for winning purposes.} g6 47. Kf4 Ke6 48. Re4+ Kd6 49. Kf3 Rc3+ 50.
Kf4 Rc1 51. Rd4+ Ke6 52. Re4+ Kd6 53. Kg4 Rc3 54. h5 {This is the last
practical chance for white. He has no other realistic way of improving his
position.} gxh5+ 55. Kh4 Kd7 56. Re5 Rxc4+ 57. Kxh5 Rc6 58. g4 Ra6 59. Re4 Rb6
60. Re5 Ra6 61. Kh4 Rb6 62. Kh5 Ra6 63. Rb5 {White has started the manoeuvre
of his R to capture the black "h" pawn. However during this time the black K
manages to come back to assist in the defence.} Ke7 64. Rb7+ Kf8 65. Rh7 Kg8
66. Rxh6 Ra5+ 67. g5 Ra8 68. Rb6 Rc8 {This is one of the basic drawish
positions in the theory of RR endgame.} 69. Kh6 Rd8 70. Rb7 Rc8 1/2-1/2